| 000 | 00371nam a2200157Ia 4500 | ||
|---|---|---|---|
| 008 | 151213s9999 xx 000 0 und d | ||
| 100 | _aBoris Ford | ||
| 245 |
_aFrom Dryden To Johnson _cBoris Ford |
||
| 250 | _a1g ms | ||
| 260 |
_aLondon _bPenguing Books _c1982 |
||
| 300 | _a4554 p. | ||
| 650 | _aCritics | ||
| 650 | _aEnglish | ||
| 700 | _aBoris Ford | ||
| 999 |
_c2928 _d2928 |
||